000 00849cam a2200145 4500500
005 20251012023559.0
041 _afre
042 _adc
100 1 0 _aRoche, Anne
_eauthor
245 0 0 _aMario Laarmann, Clément Ndé Fongang, Carla Seemann et Laura Vordermayer (éds), Reparation, Restitution and the Politics of Memory. Perspectives From Literary, Historical and Cultural Studies/Réparation, restitution et les politiques de la mémoire. Perspectives littéraires, historiques et culturelles, Boston/Berlin, De Gruyter, coll. Partager l’universel. Études sur le contemporain, 2023, 300 pages
260 _c2025.
500 _a78
786 0 _nQuestions de communication | 46 | 2 | 2025-02-24 | p. 520-525 | 1633-5961
856 4 1 _uhttps://shs.cairn.info/revue-questions-de-communication-2024-2-page-520?lang=fr&redirect-ssocas=7080
999 _c1542836
_d1542836